LEADER 01437nam a2200313 a 4500 001 000000122130 003 CaOOAMICUS 005 20100607145603.0 008 100607t2009 it u000 u ita u 020 $a978-88-6081-548-4 040 $aPUL$bita$dReb 082 04$a370 100 1 $aMuni, Andrea,$d1978-$0(OLS)http://pul/name/76574 245 10$aCose che gli insegnanti non dicono :$bcome i bambini imparano e si costruiscono la propria storia /$cAndrea Muni. 260 $aRoma :$bArmando Editore,$cİ2009. 300 $a160 p. ;$c22 cm 490 1 $aAggiornamenti didattica 504 $aBibliografia p. 147-[160]. 650 4$aDidattica.$0(OLS)http://pul/subject/14912 650 4$aPedagogia$xMetodi.$0(OLS)http://pul/subject/7047 650 4$aInsegnamento$xDialogo insegnanti-bambini.$0(OLS)http://pul/subject/36931 830 0$aAggiornamenti didattica.$0(OLS)http://pul/title/153678 850 $aPUL 852 $aPUL$W1$xSL Diritto e Scienze Sociali 3$y79$m370 MUNAN 1$j140163$qDDC 21$B139347$CPULBib$Z2$F139347 $H114012 $82 941 1 $a9 996 $6020$a978-88-6081-548-4$9(OLS)http://pul/number/144474 996 $6082$a370$9(OLS)http://pul/classification/497 996 $6245$aCose che gli insegnanti non dicono :$bcome i bambini imparano e si costruiscono la propria storia$9(OLS)http://pul/title/153677 996 $6260$aRoma :$bArmando Editore$9(OLS)http://pul/publisher/53653 LEADER 01534nam a22003254a 4500 001 000000125172 003 CaOOAMICUS 005 20110429135318.0 008 110429m20062007it 000 u ita r 020 $z88-06-16885-1 (v. 1)* 020 $z88-06-18675-3 (v. 2)* 040 $aPUL$bita 082 04$a150.3 245 00$aPsiche :$bdizionario storico di psicologia, psichiatria, psicoanalisi, neuroscienze /$ca cura di Francesco Barale, ... [et al.]. 260 $aTorino :$bGiulio Einaudi,$cİ2006-2007. 300 $a2 v. ;$c22 cm. 504 $aBibliografia nel v. 2. 505 0 $aV. 1. A-K. -- v. 2. L-Z. 650 4$aPsicologia$xDizionari.$0(OLS)http://pul/subject/14078 700 1 $aBarale, Francesco.$0(OLS)http://pul/name/79160 850 $aPUL 852 $aPUL$W1$xSL Cons. Gen., Altre Classi 1$y1$m1391 A 25.1$j144098$bv.1$qStampati$B143155$CPULBib$Z2$F143155 $H116792 $82 852 $aPUL$W1$xSL Cons. Gen., Altre Classi 1$y1$m1391 A 25.2$j144099$bv.2$qStampati$B143156$CPULBib$Z2$F143156 $H116793 $82 941 1 $a8 996 $6020$z88-06-16885-1 (v. 1)*$9(OLS)http://pul/number/147021 996 $6020$z88-06-18675-3 (v. 2)*$9(OLS)http://pul/number/147022 996 $6082$a150.3$9(OLS)http://pul/classification/1975 996 $6245$aPsiche :$bdizionario storico di psicologia, psichiatria, psicoanalisi, neuroscienze$9(OLS)http://pul/title/157805 996 $6260$aTorino :$bGiulio Einaudi$9(OLS)http://pul/publisher/54573